| 000 | 01871cam a2200325 i 4500 | ||
|---|---|---|---|
| 001 | 16361 | ||
| 003 | DO-SdUEMH | ||
| 005 | 20260203205005.0 | ||
| 007 | ta | ||
| 008 | 211105s2004 dr |||gr|||| 00| 0 spa|d | ||
| 020 | _a9993483559 | ||
| 040 |
_aDO-SdUEMH _bspa _erda |
||
| 041 | _aspa | ||
| 082 | 1 | 4 |
_mRD _aRD365.97293 _bM827d |
| 084 | _b11-00039 | ||
| 100 |
_aMora, Wilfredo _eaut |
||
| 245 | 1 | 0 |
_aDiario de la cárcel : _bescritos y papeles de criminología penitenciaria (1992-2003) / _cWilfredo Mora |
| 250 | _aSegunda edición | ||
| 260 | _c2004 | ||
| 264 | 0 | 1 |
_aSanto Domingo : _bCEDIBIL, _c2004 |
| 300 |
_a169 páginas ; _c21 cm. |
||
| 336 |
_2rdacontent _atexto _btxt |
||
| 337 |
_2rdamedia _asin mediación _bn |
||
| 338 |
_2rdacarrier _avolumen _bnc |
||
| 490 |
_aColección Calímaco ; _v7 |
||
| 490 |
_aSerie Monografías y Ensayos ; _v3 |
||
| 505 | 1 | _aA manera de presentación -- Al lector -- La cárcel por dentro. Cárcel urbana la preventiva: nupcias en su último día -- Ser presidente no le impide libertad para crear -- Aniversario entre rejas ¡¿modelo! -- La vida programada en las cárceles -- Mi primera visita a la cárceles -- Conversando con un recluso -- La prisión clásica -- ¿Qué es una cárcel? -- ¿Por qué falla la prisión? -- La reforma del sistema penitenciario -- Una mujer al frente de la renovación de los encarcelados -- Criminalidad de la cárcel. Personalidad, criminalidad y el descubrimiento del hombre -- Droga y delito (I) -- Droga y delito (II) -- Delito sexual y contra la honestidad -- Criminalidad, Navidad y estructuras mentales -- La psicología del hombre delincuente -- La mente asesina, la psicopatía del hombre delincuente -- La mente asesina, la psicología y el crimen -- El derecho penal y el código del menor -- Reflexiones sobre la delincuencia juvenil. | |
| 942 |
_2ddc _cBK _n0 |
||
| 999 |
_c16361 _d16361 |
||